Face parts : a visual source book for depicting the human face
| Main Author: | |
|---|---|
| Format: | Book |
| Published: |
London :
Mitchell Beazley ,
2008
|
| Subjects: |
MARC
| LEADER | 00000cam a2200000 7i4500 | ||
|---|---|---|---|
| 001 | 0000130077 | ||
| 005 | 20090804.0 | ||
| 020 | |a 9781845334130 | ||
| 090 | 0 | 0 | |a 743.49 |b JEN |
| 100 | 1 | |a Jennings, Simon | |
| 245 | 1 | 0 | |a Face parts : |b a visual source book for depicting the human face |c Simon Jennings |
| 260 | |a London : |b Mitchell Beazley , |c 2008 | ||
| 300 | |a 191p. ; |c 18cm. | ||
| 650 | 0 | 0 | |a Drawing |x Technique |
| 650 | 0 | 0 | |a Face in art |
| 999 | |a 00226702 |b BUKU |c PINJAMAN |e PERPUSTAKAAN KOMUNITI PETALING JAYA | ||